Bài tập Vật Lí 12 nâng cao
Bài tập Vật lí lớp 12 nâng cao gồm phần đề bài và phần hướng dẫn, lời giải và đáp số. Học sinh sẽ tìm thấy các bài tập trắc nghiệm, các câu hỏi định tính và các bài tập tính toán. Những bài tập này giúp các học sinh hiểu sâu hơn ca...
Gardado en:
| Autor Principal: | |
|---|---|
| Formato: | Libro |
| Idioma: | Undetermined |
| Publicado: |
Hà Nội
Giáo dục Việt Nam
2010
|
| Những chủ đề: | |
| Các nhãn: |
Engadir etiqueta
Sen Etiquetas, Sexa o primeiro en etiquetar este rexistro!
|
| Thư viện lưu trữ: | Trung tâm Học liệu Trường Đại học Cần Thơ |
|---|
| LEADER | 01182nam a2200217Ia 4500 | ||
|---|---|---|---|
| 001 | CTU_157778 | ||
| 008 | 210402s9999 xx 000 0 und d | ||
| 020 | |c 7600 | ||
| 082 | |a 530.712 | ||
| 082 | |b Kh452/L.12 | ||
| 100 | |a Nguyễn, Thế Khôi | ||
| 245 | 0 | |a Bài tập Vật Lí 12 nâng cao | |
| 245 | 0 | |c Nguyễn Thế Khôi, Vũ Thanh Khiết (Đồng chủ biên) | |
| 260 | |a Hà Nội | ||
| 260 | |b Giáo dục Việt Nam | ||
| 260 | |c 2010 | ||
| 520 | |a Bài tập Vật lí lớp 12 nâng cao gồm phần đề bài và phần hướng dẫn, lời giải và đáp số. Học sinh sẽ tìm thấy các bài tập trắc nghiệm, các câu hỏi định tính và các bài tập tính toán. Những bài tập này giúp các học sinh hiểu sâu hơn các kiến thức thu nhận được và vận dụng chúng vào việc giải quyết những vấn đề cụ thể. | ||
| 650 | |a Physics | ||
| 650 | |x Study and teaching (Secondary) | ||
| 904 | |i Mỹ Lệ (Bé Ba) | ||
| 980 | |a Trung tâm Học liệu Trường Đại học Cần Thơ | ||